Name The Director By Picture - Statistics

General Stats
  • This quiz has been taken 25 times
  • The average score is 28 of 60
Answer Stats
Picture Answer % Correct
Alfred Hitchcock
100%
Quentin Tarantino
100%
Charlie Chaplin
95%
George Lucas
95%
James Cameron
95%
Steven Spielberg
95%
Martin Scorsese
90%
Francis Ford Coppola
86%
Orson Welles
86%
Sofia Coppola
86%
Spike Lee
86%
Clint Eastwood
76%
Guillermo Del Toro
76%
Stanley Kubrick
76%
Greta Gerwig
71%
Paul Thomas Anderson
71%
Tim Burton
71%
Wes Anderson
71%
Bong Joon Ho
67%
Akira Kurosawa
57%
Kathryn Bigelow
57%
Jordan Peele
52%
David Fincher
48%
Lana Wachowski
48%
Lilly Wachowski
48%
Hayao Miyazaki
43%
John Ford
43%
Michael Bay
43%
Ryan Coogler
43%
Benny Safdie
38%
Damien Chazelle
38%
Darren Aronofsky
38%
Josh Safdie
38%
Zack Snyder
38%
Chloe Zhao
33%
David Cronenberg
33%
Francois Truffaut
33%
Robert Eggers
33%
Agnes Varda
29%
Ethan Coen
29%
Jean Luc Godard
29%
Joel Coen
29%
Park Chan-Wook
29%
Sergio Leone
29%
Warner Herzog
29%
Yorgos Lanthimos
29%
Billy Wilder
24%
Daniel Kwan
24%
Daniel Scheinert
14%
Jane Schoenbrun
14%
Lars Von Trier
14%
Satyajit Ray
14%
Wong Kar Wai
14%
Chantal Akerman
10%
Fritz Lang
10%
Nora Ephron
10%
Claire Denis
5%
George Miller
5%
Patty Jenkins
5%
Mira Nair
0%
No matching quizzes found
Score Distribution
Percent of People with Each Score
Percentile by Number Answered
Your Score History
You have not taken this quiz